| 000 | 00947nam a22002057a 4500 | ||
|---|---|---|---|
| 999 |
_c62903 _d62903 |
||
| 003 | Ge_BSU | ||
| 005 | 20250318152308.0 | ||
| 008 | 250318s1995 ge ||||| |||| 00| 0 geo d | ||
| 041 | _ageo | ||
| 080 | _a616-053.2(075.8) პ-25 | ||
| 245 |
_aპედიატრია : _b[სახელმძღ. სამედ. უნ-ტისა და ინ-ტების სტუდ. / _cავტ. ჯგუფი: ქ. ბერიძე, თ. გერაძე და სხვ.]; ლ. ქერქაძის რედ. |
||
| 264 |
_aთბ. : _bმედეა, _c1995. |
||
| 300 |
_a336 გვ. ; _b20 სმ. |
||
| 653 | _aპედიატრია | ||
| 653 | _aმრდიცინა | ||
| 700 |
_aბერიძე, ქ. _eავტორი _924600 |
||
| 700 |
_aგერაძე, თ. _eავტორი _924601 |
||
| 700 |
_aქერქაძე, ლ. _eრედაქტორი _924602 |
||
| 942 |
_2udc _cᲬᲘᲒᲜᲘ |
||